000 00602nam a2200241Ia 4500
003 OSt
005 20221007081956.0
006 a|||||r|||| 00| 0
007 ta
008 221006b |||||||| |||| 00| 0 eng d
024 _a28,921
037 _cTextual
040 _aFLL
_cFLL
_beng
041 _2eng
_aeng
082 _aZ8:6, L1
100 _aNygh P.E.
_9698420
245 0 _aConflict of laws in Australia
250 _a2nd
260 _aSydney
_bButterworths Sydney
_c1971
300 _a808p
_ccm.
942 _hZ8:6, L1
_cTEXL
_2CC
999 _c1164912
_d1164912